| 000 | 00680nam a22002297a 4500 | ||
|---|---|---|---|
| 001 | BINCO | ||
| 003 | CO-MdBIC | ||
| 005 | 20220411152537.0 | ||
| 008 | 220410b1997 mx a|||| |||| 00| 0 spa d | ||
| 020 | _a9706560874 | ||
| 040 |
_a CO-MdBIC _bspa. _cCO-MdBIC _d CO-MdBIC |
||
| 041 | _aspa | ||
| 082 |
_222 _a823 _bB318 |
||
| 100 | _aBassède, Francine | ||
| 245 |
_aLa tienda de Boris en la playa _c/Bassède, Francine, escritora |
||
| 260 | 1 |
_aDistrito Federal, México: _bCasa Autrey, _c[1997] |
|
| 260 | 4 | _a© 1997 | |
| 300 |
_a24 paginas; _bilustraciones a color: _c24 cm. |
||
| 650 | 7 |
_9100 _aEducación infantil |
|
| 700 |
_aSusana del Moral _etraductora |
||
| 942 | _cLGB | ||
| 999 |
_c67724 _d67724 |
||